| 000 | 00769nam a2200241 i 4500 | ||
|---|---|---|---|
| 001 | 133692 | ||
| 003 | ES-MaACL | ||
| 005 | 20251011063137.0 | ||
| 007 | t| | ||
| 008 | 070824s1978 sp ||||1| spa d | ||
| 020 | _a84-7407-050 | ||
| 080 | _a323.17(460.15) | ||
| 100 | 1 |
_aElorza, Antonio, _d1943- _947089 |
|
| 245 | 1 | 0 |
_aIdeologías del nacionalismo vasco, 1876-1937 _b: (de los "euskaros" a Jagi-Jagi) / _cAntonio Elorza. |
| 260 |
_a[País Vasco] : _bL. Haranburu, _c[1978] |
||
| 300 |
_a464 p. ; _c21 cm. |
||
| 490 | 1 |
_aHistoria ; _v1 |
|
| 500 | _aBiblioteca Jacinto Martínez Lacalle. | ||
| 650 | 4 |
_aNacionalismo- _zPaís Vasco. _915458 |
|
| 830 | 0 |
_aHistoria ; _v1 _9177536 |
|
| 852 |
_aES-MaACL _jE-12027 _bR.139908 |
||
| 999 |
_c133692 _d133692 |
||